000 00921nas a2200301 4500
001 BR2011001543
003 BR-BrBNA
005 20231205114518.0
007 ta
008 230509b bl.|||p| |||| 00| 00por d
040 _aBR-BrBNA
_bpor
_cBiblioteca Nacional de Agricultura
041 _a(Pt)
072 _aP34
100 1 _aPegado, C.M.A.
100 1 _aBarbosa, L.J. das N.
100 1 _aMendes, J.E.M.F.
100 1 _aSouto, P.C.
100 1 _aSouto, J.S.
245 1 _aDecomposição superficial e subsuperficial de folhas de fava (Phaseolus lunatus L.)na região do brejo da Paraíba, Brasil
650 _aFEIJÃO FAVA
650 _aFOLHA
650 _aADUBO VERDE
650 _aDECOMPOSIÇÃO
650 _aPARAÍBA
773 0 _tRevista Caatinga (Brazil)
_xISSN 0100-316X
_g(Jan-Mar 2008), v. 21(1) p. 218-223
_wBR2011001543
909 _a202311
_bLúcia
_c55
_dLúcia Elande
942 _2AGRIS
_n0
_cANA
999 _c209108
_d209108